00408nam a22000977a 4500008004100000082001700041100001900058245017100077260005300248300000900301230704b xxu||||| |||| 00| 0 eng d a338.967bNGE cNjuguna Ngethe aPopular participation and rural DevelopmentbProceedings of a workshop on development and the Environment in the management of international drainage Basins in Africa anairobi, kenyabinstitute for development c1978 a230p